[Event "AUTO-MASTER-2685"]
[Site "http://www.queenalice.com/game.php?id=1512284"]
[Date "2018.1.17"]
[Round "1"]
[White "Spiril"]
[Black "DinoSouza"]
[Result "1-0"]
[WhiteElo "2113"]
[BlackElo "1859"]

1. Nf3 Nf6 2. c4 e6 3. g3 Bc5 4. d4 Be7 5. Bg2 O-O 6. Nc3 c5 7. d5 d6 8. O-O a6
9. b3 b5 10. cxb5 axb5 11. dxe6 Bxe6 12. Nxb5 Qd7 13. Nc3 Bh3 14. Ne5 Qe6 15.
Bxa8 Bxf1 16. Kxf1 Qxe5 17. Bb2 Qh5 18. Kg2 Ng4 19. h3 Nf6 20. Bf3 Qf5 21. Nd5
Nxd5 22. Bxd5 Bf6 23. e4 Qg5 24. Bxf6 Qxf6 25. Rc1 Nd7 26. Qe2 Nb6 27. Rd1 Nxd5
28. Rxd5 Re8 29. f3 Ra8 30. Qd2 Ra6 31. e5 Qe6 32. exd6 h6 33. d7 1-0

[Event "AUTO-ADV-3967"]
[Site "http://www.queenalice.com/game.php?id=1512396"]
[Date "2018.1.18"]
[Round "1"]
[White "chessman"]
[Black "DinoSouza"]
[Result "1-0"]
[WhiteElo "2042"]
[BlackElo "1642"]

1. e4 Nf6 2. d3 e6 3. f4 Nc6 4. Nf3 Be7 5. e5 Nd5 6. c4 Nb6 7. Nc3 O-O 8. Be2 d6
9. d4 dxe5 10. fxe5 f6 11. d5 exd5 12. cxd5 Nb4 13. d6 cxd6 14. Qb3+ d5 15. exf6
Rxf6 16. Bg5 1-0

[Event "AUTO-ADV-3967"]
[Site "http://www.queenalice.com/game.php?id=1512397"]
[Date "2018.1.18"]
[Round "1"]
[White "DinoSouza"]
[Black "chessman"]
[Result "0-1"]
[WhiteElo "1640"]
[BlackElo "2044"]

1. e4 e6 2. d4 d5 3. e5 c5 4. c3 cxd4 5. cxd4 Nc6 6. Nf3 Bd7 7. Bb5 Nxe5 8. Nxe5
Bxb5 9. Qh5 Qf6 10. Nd2 Bd6 11. Ndf3 Bxe5 12. Qxe5 Qxe5+ 13. dxe5 Ne7 14. Bg5
Ng6 15. a4 Bc6 16. O-O O-O 0-1

[Event "AUTO-ADV-3967"]
[Site "http://www.queenalice.com/game.php?id=1512412"]
[Date "2018.1.18"]
[Round "1"]
[White "DinoSouza"]
[Black "Matrix"]
[Result "0-1"]
[WhiteElo "1669"]
[BlackElo "1716"]

1. e4 e5 2. Nf3 Nc6 3. Bb5 d6 4. d4 exd4 5. Nxd4 Bd7 6. O-O g6 7. Re1 Bg7 8. Nf3
Nf6 9. Bg5 O-O 10. Nc3 a6 11. Ba4 h6 12. Be3 b5 13. Bb3 Qc8 14. Qd2 Ng4 15. h3
Nxe3 16. Qxe3 Re8 17. Rad1 Kh8 18. Bxf7 Rf8 19. Bxg6 Nb4 20. Rd2 Nc6 21. a3 Na5
22. b4 Nc4 23. Qe2 Nxd2 0-1

[Event "AUTO-ADV-3967"]
[Site "http://www.queenalice.com/game.php?id=1512413"]
[Date "2018.1.18"]
[Round "1"]
[White "Matrix"]
[Black "DinoSouza"]
[Result "1-0"]
[WhiteElo "1730"]
[BlackElo "1655"]

1. d4 Nf6 2. e3 e6 3. b3 Be7 4. Bb2 O-O 5. Nf3 Nc6 6. g3 d5 7. Bg2 Re8 8. O-O
Bd6 9. Nc3 e5 10. Qc1 Bg4 11. h3 Be6 12. Ba3 Qd7 13. Bxd6 Qxd6 14. a3 exd4 15.
exd4 Qd7 16. g4 h5 17. g5 Nh7 18. Re1 Bxh3 19. Bxh3 Qxh3 20. Nh2 Nxd4 21. Qf4
Ne6 22. Rxe6 Rxe6 23. Nxd5 Rae8 24. Qd2 Nxg5 25. Nf4 1-0

[Event "AUTO-ADV-3967"]
[Site "http://www.queenalice.com/game.php?id=1512414"]
[Date "2018.1.18"]
[Round "1"]
[White "DinoSouza"]
[Black "The_Clown"]
[Result "0-1"]
[WhiteElo "1903"]
[BlackElo "1726"]

1. e4 e5 2. Nf3 d6 3. Bc4 Nf6 4. O-O Nxe4 5. d4 d5 6. Bb3 exd4 7. Nxd4 Bc5 8.
Re1 O-O 9. Be3 Re8 10. Nf3 Bxe3 11. Rxe3 c6 0-1

[Event "AUTO-ADV-3967"]
[Site "http://www.queenalice.com/game.php?id=1512415"]
[Date "2018.1.18"]
[Round "1"]
[White "The_Clown"]
[Black "DinoSouza"]
[Result "1-0"]
[WhiteElo "1749"]
[BlackElo "1880"]

1. d4 Nf6 2. c4 g6 3. b3 Bg7 4. Bb2 e6 5. Nf3 O-O 6. Qd3 Nc6 7. e4 d5 8. e5 Nd7
9. cxd5 exd5 10. Be2 Nb4 11. Qc3 1-0

[Event "AUTO-MASTER-2687"]
[Site "http://www.queenalice.com/game.php?id=1512767"]
[Date "2018.1.21"]
[Round "1"]
[White "DinoSouza"]
[Black "junipero"]
[Result "0-1"]
[WhiteElo "1681"]
[BlackElo "2062"]

1. e4 c5 2. Nf3 Nc6 3. d4 cxd4 4. Nxd4 e5 5. Nf3 d6 6. Bb5 Nf6 7. O-O h6 8. Re1
Be7 9. Nc3 O-O 10. Be3 Bg4 11. h3 Bh5 12. a3 a6 13. Bc4 b5 14. Be2 Bg6 15. Bd3
Rc8 16. a4 b4 17. Na2 a5 18. c3 Bxe4 19. Bxe4 Nxe4 0-1

[Event "AUTO-MASTER-2687"]
[Site "http://www.queenalice.com/game.php?id=1512768"]
[Date "2018.1.21"]
[Round "1"]
[White "junipero"]
[Black "DinoSouza"]
[Result "1-0"]
[WhiteElo "2060"]
[BlackElo "1683"]

1. d4 Nf6 2. c4 e6 3. Nc3 c5 4. e3 Nc6 5. Nf3 Be7 6. dxc5 Bxc5 7. b3 Bb4 8. Bb2
Ne4 9. Qc2 Qa5 10. Rc1 d5 11. a4 b6 12. Be2 dxc4 13. O-O Nxc3 14. Bxc3 cxb3 15.
Qxb3 O-O 16. Bxg7 Kxg7 17. Rxc6 Bb7 18. Rc4 1-0

[Event "AUTO-ADV-3969"]
[Site "http://www.queenalice.com/game.php?id=1512877"]
[Date "2018.1.22"]
[Round "1"]
[White "DinoSouza"]
[Black "bouley"]
[Result "0-1"]
[WhiteElo "1634"]
[BlackElo "1997"]

1. e4 Nc6 2. Nf3 e5 3. Bb5 a6 4. Ba4 Nf6 5. O-O Be7 6. Re1 d6 7. d4 b5 8. Bb3
Bg4 9. h3 Bh5 10. d5 Bxf3 11. Qxf3 Nd4 12. Qd3 O-O 13. a3 Nxb3 14. Qxb3 Nd7 15.
Qd3 Nc5 16. Qf3 Bg5 0-1

[Event "AUTO-ADV-3969"]
[Site "http://www.queenalice.com/game.php?id=1512878"]
[Date "2018.1.22"]
[Round "1"]
[White "bouley"]
[Black "DinoSouza"]
[Result "1-0"]
[WhiteElo "1999"]
[BlackElo "1632"]

1. e4 Nf6 2. e5 Nd5 3. d4 d6 4. c4 Nb6 5. exd6 cxd6 6. Nf3 e6 7. Nc3 Be7 8. Be2
O-O 9. O-O Nc6 10. Be3 Re8 11. a3 Nd7 12. Qc2 Nf6 13. Bd3 Bf8 14. Bg5 h6 15. Bh4
e5 16. dxe5 dxe5 17. Rfe1 1-0

[Event "AUTO-ADV-3969"]
[Site "http://www.queenalice.com/game.php?id=1512879"]
[Date "2018.1.22"]
[Round "1"]
[White "DinoSouza"]
[Black "mvson33"]
[Result "0-1"]
[WhiteElo "1783"]
[BlackElo "1572"]

1. e4 d5 2. exd5 Qxd5 3. Nc3 Qd8 4. Nf3 Nf6 5. Bc4 e6 6. O-O Be7 7. d4 O-O 8.
Re1 Nc6 9. d5 exd5 10. Bd3 Bg4 11. h3 Be6 0-1

[Event "AUTO-ADV-3969"]
[Site "http://www.queenalice.com/game.php?id=1512880"]
[Date "2018.1.22"]
[Round "1"]
[White "mvson33"]
[Black "DinoSouza"]
[Result "1-0"]
[WhiteElo "1588"]
[BlackElo "1704"]

1. e4 c5 2. Nf3 e6 3. Bc4 Nc6 4. O-O d6 5. a3 Nf6 6. Nc3 Be7 7. Ba2 O-O 8. d3 h6
9. Be3 b6 10. Qe2 Bb7 11. Nd2 1-0

[Event "AUTO-OPEN-3895"]
[Site "http://www.queenalice.com/game.php?id=1512929"]
[Date "2018.1.22"]
[Round "1"]
[White "DinoSouza"]
[Black "Spiril"]
[Result "0-1"]
[WhiteElo "1853"]
[BlackElo "2117"]

1. e4 e6 2. d4 d5 3. e5 c5 4. c3 Nc6 5. Nf3 Bd7 6. Bb5 Nxe5 7. Nxe5 Bxb5 8. Qh5
Qf6 9. Bg5 Qf5 10. Nd2 g6 11. Qh4 f6 12. g4 Qxg5 13. Qxg5 fxg5 14. Nef3 h6 15.
Ne5 cxd4 16. Nxg6 dxc3 17. bxc3 Rh7 18. f4 Bg7 19. Rb1 Bd3 20. Rxb7 Bxg6 21. Kf2
Bxc3 0-1

[Event "AUTO-OPEN-3895"]
[Site "http://www.queenalice.com/game.php?id=1512930"]
[Date "2018.1.22"]
[Round "1"]
[White "Spiril"]
[Black "DinoSouza"]
[Result "1-0"]
[WhiteElo "2121"]
[BlackElo "1848"]

1. Nf3 Nf6 2. c4 e6 3. g3 c5 4. Bg2 Nc6 5. b3 Be7 6. Bb2 O-O 7. O-O Re8 8. Nc3
d5 9. cxd5 Nxd5 10. Nxd5 exd5 11. d4 Bg4 12. Rc1 Bf6 13. Rxc5 Qd7 14. Re1 Bh3
15. Bh1 Rac8 16. Ne5 Nxe5 17. Rxc8 Nf3+ 18. Bxf3 Rxc8 19. e3 h6 20. Qd2 Qf5 21.
Bd1 1-0